04038nam a22004337a 45000050016000000100017000160200026000330350017000590370022000760820011000981000025001092450088001342500013002222600041002352700074002763000027003505000035003777000028004129420025004409990017004659520180004829520168006629520168008309520168009989520168011669520172013349520172015069520182016789520182018609520184020429520172022269520170023989520170025689520170027389520172029089520170030809520170032509520184034202010110800210.0 aB-410867-884 c275.00a9789380026718 aB-410867-884 bUppal Book Store  a003.74 aKamaraju, V. 924177 aLinear systems:cby V. Kamaraju [and] R.L. Narasimham banalysis and applications / a2nd ed.  aNew Delhi bI.K. Internationalc2009 aS-25, Green Park Extension, Uphaar Cinema Market,bNew Delhi e110016 axvi, 496p.c25cm(pbk)  aIncludes references and index  aNarasimham, R.L.924178 cEN2ddcmKAMh003.74 c35608d35608 001040708NFICaLbLd2010-11-08eUppal Book Store/9561/8.7.10/67/1.7.10/17.7.10g275.00l1o003.74 KAMpB-410867r2022-04-29 00:00:00s2022-04-19t1v275.00w2010-11-08yEN 001040708NFICaMbMd2010-11-08eUppal Book Store/9561/8.7.10/67/1.7.10/17.7.10g275.00l0o003.74 KAMpB-410868r2010-11-08 00:00:00t4v275.00w2010-11-08yEN 001040708NFICaMbMd2010-11-08eUppal Book Store/9561/8.7.10/67/1.7.10/17.7.10g275.00l0o003.74 KAMpB-410869r2010-11-08 00:00:00t4v275.00w2010-11-08yEN 001040708NFICaMbMd2010-11-08eUppal Book Store/9561/8.7.10/67/1.7.10/17.7.10g275.00l0o003.74 KAMpB-410870r2010-11-08 00:00:00t4v275.00w2010-11-08yEN 001040708NFICaMbMd2010-11-08eUppal Book Store/9561/8.7.10/67/1.7.10/17.7.10g275.00l0o003.74 KAMpB-410871r2010-11-08 00:00:00t4v275.00w2010-11-08yEN 001040708NFICaNPLbNPLd2010-11-08eUppal Book Store/9561/8.7.10/67/1.7.10/17.7.10g275.00l0o003.74 KAMpB-410872r2010-11-08 00:00:00t1v275.00w2010-11-08yEN 001040708NFICaBL1bBL1d2010-11-08eUppal Book Store/9561/8.7.10/67/1.7.10/17.7.10g275.00l0o003.74 KAMpB-410873r2010-11-08 00:00:00t1v275.00w2010-11-08yEN 001040708NFICaJPbJPd2010-11-08eUppal Book Store/9561/8.7.10/67/1.7.10/17.7.10g275.00l3o003.74 KAMpB-410874r2023-01-10 00:00:00s2019-10-15t2v275.00w2010-11-08yEN 001040708NFICaJPbJPd2010-11-08eUppal Book Store/9561/8.7.10/67/1.7.10/17.7.10g275.00l5o003.74 KAMpB-410875r2015-11-07 00:00:00s2015-10-10t2v275.00w2010-11-08yEN 001040708NFICaZLSbZLSd2010-11-08eUppal Book Store/9561/8.7.10/67/1.7.10/17.7.10g275.00l1o003.74 KAMpB-410876r2020-02-01 00:00:00s2020-01-18t1v275.00w2010-11-08yEN 001040708NFICaRKPbRKPd2010-11-08eUppal Book Store/9561/8.7.10/67/1.7.10/17.7.10g275.00l0o003.74 KAMpB-410877r2010-11-08 00:00:00t1v275.00w2010-11-08yEN 001040708NFICaAGbAGd2010-11-08eUppal Book Store/9561/8.7.10/67/1.7.10/17.7.10g275.00l0o003.74 KAMpB-410878r2010-11-08 00:00:00t1v275.00w2010-11-08yEN 001040708NFICaSPbSPd2010-11-08eUppal Book Store/9561/8.7.10/67/1.7.10/17.7.10g275.00l0o003.74 KAMpB-410879r2010-11-08 00:00:00t1v275.00w2010-11-08yEN 001040708NFICaVPbVPd2010-11-08eUppal Book Store/9561/8.7.10/67/1.7.10/17.7.10g275.00l0o003.74 KAMpB-410880r2010-11-08 00:00:00t1v275.00w2010-11-08yEN 001040708NFICaBL3bBL3d2010-11-08eUppal Book Store/9561/8.7.10/67/1.7.10/17.7.10g275.00l0o003.74 KAMpB-410881r2010-11-08 00:00:00t1v275.00w2010-11-08yEN 001040708NFICaNRbNRd2010-11-08eUppal Book Store/9561/8.7.10/67/1.7.10/17.7.10g275.00l0o003.74 KAMpB-410882r2010-11-08 00:00:00t1v275.00w2010-11-08yEN 001040708NFICaBNbBNd2010-11-08eUppal Book Store/9561/8.7.10/67/1.7.10/17.7.10g275.00l0o003.74 KAMpB-410883r2010-11-08 00:00:00t1v275.00w2010-11-08yEN 001040708NFICaBL4bBL4d2010-11-08eUppal Book Store/9561/8.7.10/67/1.7.10/17.7.10g275.00l2o003.74 KAMpB-410884r2021-10-05 00:00:00s2021-09-29t1v275.00w2010-11-08yEN